000 00322nam a2200133Ia 4500
008 191201s2005 xx 000 0 und d
082 _a004
_bLEI
100 _aLEON, Alexis
245 0 _aIntroduction to Computers
260 _aN.Delhi
_bLeon Press Chennai
_c2005
300 _a-
650 _aB.Tech(CSE)
942 _2ddc
_cBK
999 _c1700
_d1700